[Event "Cholet-C"]
[Site "Cholet"]
[Date "2012.02.20"]
[Round "4"]
[White "Pougnard, Valery"]
[Black "Julien, Jules Alois"]
[Result "1/2-1/2"]
[WhiteElo "1584"]
[BlackElo "1701"]
[PlyCount "95"]
[EventDate "2012.02.18"]
[EventType "tourn"]
[EventRounds "9"]
[EventCountry "FRA"]
[SourceTitle "EXT 2013"]
[Source "ChessBase"]
[SourceDate "2012.11.22"]
[SourceVersion "1"]
[SourceVersionDate "2012.11.22"]
[SourceQuality "1"]

1. e4 c5 2. Nc3 Nc6 3. g3 e6 4. d3 g6 5. Bg2 Bg7 6. f4 Nge7 7. Nf3 d6 8. 0-0 0-0 9. Be3 Nd4 10. Qd2 Nec6 11. Nd1 Nxf3+ 12. Bxf3 Rb8 13. c3 Bd7 14. e5 Qc7 15. d4 c4 16. exd6 Qxd6 17. Nf2 Ne7 18. Ne4 Qc7 19. Qg2 Nf5 20. Bf2 Bc6 21. g4 Bxe4 22. Bxe4 Nd6 23. Bf3 b6 24. Rac1 b5 25. Bg3 Rbd8 26. h4 b4 27. f5 exf5 28. gxf5 Qa5 29. fxg6 hxg6 30. h5 Qg5 31. hxg6 Qxg6 32. Be5 Qxg2+ 33. Bxg2 bxc3 34. Bxg7 Kxg7 35. bxc3 Nb5 36. Rf3 Rfe8 37. Rf5 Nxd4 38. cxd4 Rxd4 39. Rc3 Rg4 40. Rc2 Rc8 41. Kf2 c3 42. Rf3 Rgc4 43. Kg3 R8c6 44. Rf4 Rg6+ 45. Kf3 Rc5 46. Ke3 Kf8 47. Be4 Rd6 48. Rf5 1/2-1/2